Religion Quiz

Random Religion or Judaism Quiz

Religions by Painting Quiz Stats

 Plays Quiz Updated Jul 22, 2019

Score 0/9 Timer 03:00
0 Plays Today
% Correct
Buddha Meditation
Yuliya Glavnaya
93.1%
Moses Breaking
the Tablets of the Law

Rembrandt
91.7%
Thor's Fight with the Giants
Mårten Eskil Winge
87.4%
Prayer in the Mosque
Jean-Léon Gérôme
86.2%
Saraswati
Raja Ravi Varma
84.7%
View of a Shinto Shrine
Sir Alfred East
83.8%
The Druidess
Armand Laroche
81%
Coronation of the Virgin
Diego Velázquez
79.1%
Saturn Devouring His Son
Francisco Goya
66%

You're not logged in!

Compare scores with friends on all Sporcle quizzes.
OR
Log In

Sporcle TV

Today on Sporcle TV


Watch our educational content, quiz creation guides, and fun videos on Sporcle TV.

Show Comments

Extras

Top Quizzes Today


Score Distribution

Your Account Isn't Verified!

In order to create a playlist on Sporcle, you need to verify the email address you used during registration. Go to your Sporcle Settings to finish the process.

Report this User

Report this user for behavior that violates our Community Guidelines.

Details: